01278naa a22003377a 4500001001000000003000900010005001700019007000300036008003400039040005400073041000900127072001400136090001800150100001900168100002100187245014200208260003800350500009100388650002300479650001100502650002400513650002700537650001700564650002300581650001900604773009900623909003600722942001400758999001900772952014900791BR7908802BR-BrBNA20240918174532.0ta230509b bl.||||| |||| 00| 0 por d aBR-BrBNAbporcBiblioteca Nacional de Agricultura a(Pt) aL10b6100 aL10 BR79088021 aCosta, M.N. da1 aCustodio, R.W.S.1 aTaxa reprodutiva de galinhas para corte em acasalamentos efetuados para a avaliacao de populacoes, matrizes e hibridos (ciclo de 1979/80)3 aPiracicaba, SP (Brasil): c1979.  aRelatorio cientifico 1979 Piracicaba, SP (Brasil): 1979. p. 116-129 (BR7908802-AM)L10  aGALINHA PARA CORTE aMATRIZ aTAXA DE CRESCIMENTO aEFICIENCIA REPRODUTIVA aACASALAMENTO aFERTILIDADE ANIMAL aECLODIBILIDADE0 tRelatorio cientifico 1979 : no. 13 / w0120 BR7908790gPiracicaba, SP (Brasil), 1979. q309 p. a202404bLuciac55dLucia Elande cAM2AGRIS c311826d311826 002AGRIS40708Acervo Gerala41918b41918cAgrobasel0o0120 BR7908790r2024-05-20t01yAM10d2024-04-11ePortaria Interministerial nÂș 164/94